000 00326nam a22001457a 4500
003 SGT
082 _a612
_bM17K
100 _aKHURANA, INDU
245 _aMEDICAL PHYSIOLOGY FOR UNDERGRADUATE STUDENTS
250 _a1ST
260 _aINDIA
_bELSEVIER
_c2017
300 _a1002
650 _aPHYSIOLOGY
942 _2ddc
_cBK
_0157
999 _c14110
_d14110